000
00331nam a2200145Ia 4500
100
_a
Hassoun/Mohammed H
942
_c
BK
654
_a
Computer
245
_a
Fundamentals of Artificial Neural Networks
260
_b
Prentice Hall
_a
Bomaby
_c
1998
082
_a
4.65
_b
HAS
300
_a
511
546
_a
ENGLISH
999
_c
24048
_d
24048